Online Catalogue and eLibrary

Girl child labour (Record no. 2874)

MARC details
000 -LEADER
fixed length control field 00437nam a2200193Ia 4500
005 - DATE AND TIME OF LATEST TRANSACTION
control field 20240607041839.0
008 - FIXED-LENGTH DATA ELEMENTS--GENERAL INFORMATION
fixed length control field 240331s9999 xx 000 0 und d
020 ## - INTERNATIONAL STANDARD BOOK NUMBER
ISBN 8186562605
082 ## - DDC Classification
Item Number - Author Mark JAW
Class No. 362
100 ## - MAIN ENTRY--PERSONAL NAME
Personal name Jawa, R
245 #0 - TITLE STATEMENT
Title Girl child labour
250 ## - EDITION STATEMENT
Edition statement 1 st
260 ## - PUBLICATION, DISTRIBUTION, ETC.
Place of publication, distribution, etc. New Delhi
Name of publisher, distributor, etc. MANAK Publications
Date of publication, distribution, etc. 2000
300 ## - PHYSICAL DESCRIPTION
Extent (e.g. Volumes, Pages etc.) xiii,195 p.,
650 ## - SUBJECT ADDED ENTRY--TOPICAL TERM
Topical term or geographic name entry element Children
650 ## - SUBJECT ADDED ENTRY--TOPICAL TERM
Topical term or geographic name entry element Girls
650 ## - SUBJECT ADDED ENTRY--TOPICAL TERM
Topical term or geographic name entry element Labour
942 ## - Koha item type (Biblio)
Koha item type Books in Stacks (Lending)
Holdings
Lost status Damaged status Collection code Home library Current library Shelving location Date acquired Full call number Accession Number Item type
    Lending WERC Library WERC Library Social Science Cupboard 03/31/2024 362.767 JAW 4225 Books in Stacks (Lending)

© WERC Library